00201nam a22000977a 4500040000700000082000800007100001800015245003300033260002900066300000800095 cSY a338 aCHHAY KONGKEA aAgricultural policy analysis aRUAbCHHAY KONGKEAc2013 a367